| 000 | 00454nam a22001817a 4500 | ||
|---|---|---|---|
| 005 | 20251108175114.0 | ||
| 008 | 250721s1976 xx 000 0 eng d | ||
| 020 | _a0 7064 0551 X | ||
| 082 | 1 | 4 | _aR/909.82/BUL |
| 100 | 1 | _aBullock, Alan | |
| 245 | 1 | 0 | _aHstory of the th 20th Century / |
| 264 | 1 |
_aLondon : _bIn Association With, _c1976. |
|
| 300 | _a512 P. | ||
| 650 | 1 | 7 | _ahistory |
| 650 | 1 | 7 | _a20th Century |
| 942 |
_2ddc _cBK |
||
| 999 |
_c126274 _d126274 |
||